Welcome to the Holygrace Academy Library

Please use search bar below to get started

THE ADVENTURES OF THE BAILEY SCHOOL KIDS (Record no. 5953)

MARC details
000 -LEADER
fixed length control field 00605nam a22001577a 4500
020 ## - INTERNATIONAL STANDARD BOOK NUMBER
ISBN 0-439-04401-4
082 ## - DEWEY DECIMAL CLASSIFICATION NUMBER
Classification number 823
Item number DAD/S
100 ## - MAIN ENTRY--AUTHOR NAME
Personal name DADEY, DEBBIE
100 ## - MAIN ENTRY--AUTHOR NAME
Personal name JONES, MARCIA THORNTON
245 ## - TITLE STATEMENT
Title THE ADVENTURES OF THE BAILEY SCHOOL KIDS
Remainder of title SEA MONSTERS DON'T RIDE MOTORCYCLES
260 ## - PUBLICATION, DISTRIBUTION, ETC. (IMPRINT)
Place of publication NEW YORK
Name of publisher SCHOLASTIC INC
Year of publication 2000
300 ## - PHYSICAL DESCRIPTION
Number of Pages 72
520 ## - SUMMARY, ETC.
Summary, etc THERE ARE SOME PRETTY WEIRD GROWN-IPS LIVING IN BAILEY CITY. BUT IS THYE WINNING RIDER AT THE MOTORCYCLE RACES REALLY A SEA MONSTER? THE BAILEY SCHOOL KIDS ARE GOING TO FIND OUT
650 ## - SUBJECT ADDED ENTRY--TOPICAL TERM
Topical Term CHILDREN'S STORY BOOK
Geographic subdivision UNITED STATES
942 ## - ADDED ENTRY ELEMENTS (KOHA)
Koha item type Books
Holdings
Withdrawn status Lost status Collection code Home library Current library Shelving location Date acquired Source of acquisition Full call number Accession Number Koha item type
    Fiction Main Library Main Library SHELF 15 H-HARRY POTTER(CHARACTERISATION),WIMPY KID,DORK DIARIES 31/10/2012 purchase 823 DAD/S 06442 Books